Pokémon - Attacken von Welsar in KA/PU - Statistiken

Allgemein
  • Dieses Quiz wurde 2 mal gespielt
  • Das Durchschnittsergebnis liegt bei 35 aus 58
Antwortstatistiken
Antwort % Korrekt
Amnesie
100%
Aquaknarre
100%
Aquawelle
100%
Blizzard
100%
Bodyslam
100%
Eisstrahl
100%
Erdbeben
100%
Erdkräfte
100%
Erholung
100%
Felsgrab
100%
Fluch
100%
Pferdestärke
100%
Regentanz
100%
Sandsturm
100%
Schlafrede
100%
Schutzschild
100%
Sonnentag
100%
Steinhagel
100%
Steinkante
100%
Surfer
100%
Zen-Kopfstoß
100%
Aquadurchstoß
50%
Ausdauer
50%
Bodycheck
50%
Dampfwalze
50%
Delegator
50%
Drachentanz
50%
Eissturm
50%
Fassade
50%
Fruststampfer
50%
Funkensprung
50%
Geofissur
50%
Gigastoß
50%
Grimasse
50%
Hydropumpe
50%
Hyperstrahl
50%
Kalte Dusche
50%
Kaskade
50%
Lehmbrühe
50%
Lehmschelle
50%
Lehmschuss
50%
Nassschweif
50%
Risikotackle
50%
Schnarcher
50%
Sternschauer
50%
Tarnsteine
50%
Tera-Ausbruch
50%
Wutanfall
50%
Dreschflegel
0%
Fuchtler
0%
Meteorologe
0%
Rechte Hand
0%
Rülpser
0%
Sandgrab
0%
Seher
0%
Spaßkanone
0%
Stachler
0%
Whirlpool
0%
Keine übereinstimmenden Quizze gefunden
Verteilung der Resultate
Anzahl Personen mit jedem Resultat
Perzentil nach korrekt beantworteten Fragen
Ihre Resultats-Entwicklung
Sie haben dieses Quiz noch nicht gespielt